000
00213 a2200097 4500
001
14096
100
_a
Judd J.O
245
_a
Advanced exercise in English
260
_a
London
_b
Longmans
_c
090
_c
11041
_d
11041
942
_a
NUST-CAE
_c
M
_c
1161
999
_c
249169
_d
249169